[Event "C.to Provinciale CO"]
[Site "Mariano Comense ITA"]
[Date "2008.01.19"]
[Round "1"]
[White "Crippa, Gabriele"]
[Black "Boffi, Luigi"]
[Result "1-0"]
[WhiteElo "2084"]
[BlackElo "1596"]
[PlyCount "31"]
[EventDate "2008.01.19"]

1. Nf3 d5 2. d3 Nf6 3. Bg5 Nbd7 4. Nbd2 e6 5. e4 dxe4 6. dxe4 Be7 7. Bc4 O-O 8.
Qe2 h6 9. Bf4 c5 10. Bd3 a6 11. c4 b6 12. e5 Nh5 13. Be3 g5 14. h4 Nf4 15. Bxf4
gxf4 16. Qe4 1-0

[Event "C.to Provinciale CO"]
[Site "Mariano Comense ITA"]
[Date "2008.01.19"]
[Round "1"]
[White "Gonella, Graziano"]
[Black "Poletto, Daniele"]
[Result "0-1"]
[WhiteElo "1260"]
[BlackElo "1804"]
[PlyCount "64"]
[EventDate "2008.01.19"]

1. e4 c5 2. Bc4 e6 3. Nf3 a6 4. d4 cxd4 5. Nxd4 Qc7 6. b3 Nf6 7. Nc3 Bb4 8. Bb2
b5 9. Be2 Bxc3+ 10. Kf1 Bxb2 11. Rb1 Bxd4 12. Qd2 Bxf2 13. Rc1 Nxe4 14. Qd3 Qf4
15. Rd1 Be3+ 16. Bf3 Nd2+ 17. Ke2 Nxf3 18. gxf3 Bb7 19. Rdf1 Qd4 20. c3 Qxd3+
21. Kxd3 Ba7 22. h4 Nc6 23. Rfg1 Bxg1 24. b4 Ne5+ 25. Ke2 Bxf3+ 26. Kf1 Bxh1
27. Kxg1 Bd5 28. a3 O-O 29. Kf2 Rac8 30. Ke3 d6 31. h5 Rxc3+ 32. Kd4 Rd3# 0-1

[Event "C.to Provinciale CO"]
[Site "Mariano Comense ITA"]
[Date "2008.01.19"]
[Round "1"]
[White "Guzzetti, Luigi Enrico"]
[Black "Bettinelli, Sergio"]
[Result "1-0"]
[WhiteElo "1933"]
[BlackElo "1392"]
[PlyCount "101"]
[EventDate "2008.01.19"]

1. e4 c5 2. Nf3 b6 3. d4 Bb7 4. d5 e6 5. c4 Nf6 6. Nc3 Be7 7. d6 Bf8 8. e5 Ne4
9. Nb5 Na6 10. Bd3 f6 11. Qc2 Rc8 12. Bxe4 Bxe4 13. Qxe4 Rb8 14. exf6 gxf6 15.
Bf4 Qc8 16. O-O Bg7 17. Rad1 f5 18. Qe2 O-O 19. Ne5 Rf6 20. Bg5 Qb7 21. f4 Nb4
22. a3 Nc6 23. Nxc6 Qxc6 24. Nxa7 Qe4 25. Qxe4 fxe4 26. Bxf6 Bxf6 27. Rd2 e3
28. Re2 Bd4 29. Rd1 Ra8 30. Nb5 Bf6 31. Rxe3 Bxb2 32. Kf1 Rf8 33. g3 Rf5 34.
Ke2 h5 35. Rb3 Bf6 36. Nc7 e5 37. Ke3 h4 38. Ke4 Rh5 39. g4 Rh7 40. fxe5 Bh8
41. Rxb6 Rf7 42. e6 dxe6 43. d7 Bf6 44. Rb8+ Kg7 45. Nxe6+ Kg6 46. d8=Q Bxd8
47. Rbxd8 Re7 48. Ke5 h3 49. R1d7 Rh7 50. Rxh7 Kxh7 51. Kf6 1-0

[Event "C.to Provinciale CO"]
[Site "Mariano Comense ITA"]
[Date "2008.01.19"]
[Round "1"]
[White "Lancianese, Giuseppe"]
[Black "Calabrese, Salvatore"]
[Result "1-0"]
[WhiteElo "1806"]
[BlackElo "1299"]
[PlyCount "61"]
[EventDate "2008.01.19"]

1. d4 g6 2. e4 Bg7 3. Bc4 c5 4. Ne2 Nc6 5. dxc5 Qa5+ 6. Nbc3 Qxc5 7. Bb3 Nd4 8.
Be3 e5 9. Qd2 Ne7 10. O-O a6 11. Rfd1 Nxe2+ 12. Nxe2 Qc6 13. Nc3 b6 14. Nd5 Rb8
15. Nxe7 Kxe7 16. Bd5 Qd6 17. Qe2 Qb4 18. c3 Qb5 19. Qf3 Rf8 20. b3 d6 21. Rd2
f5 22. Bg5+ Bf6 23. Qg3 Bxg5 24. Qxg5+ Kd7 25. Rad1 Qc5 26. Qh6 Ke8 27. Qxh7
fxe4 28. Qxg6+ Kd8 29. Bxe4 Bb7 30. Rxd6+ Kc8 31. Qe6+ 1-0

[Event "C.to Provinciale CO"]
[Site "Mariano Comense ITA"]
[Date "2008.01.19"]
[Round "1"]
[White "Lipari, Alberto"]
[Black "Agrifoglio, Fabio"]
[Result "0-1"]
[WhiteElo "1506"]
[BlackElo "1995"]
[PlyCount "98"]
[EventDate "2008.01.19"]

1. d4 Nf6 2. c4 e5 3. Bg5 c6 4. Nc3 e4 5. Bxf6 Qxf6 6. Nxe4 Bb4+ 7. Nc3 O-O 8.
Nf3 d5 9. c5 b6 10. e3 bxc5 11. Be2 c4 12. O-O Bf5 13. Ne5 Ba5 14. f4 Qd6 15.
Bg4 Bxg4 16. Qxg4 f6 17. Nf3 Qd7 18. Qg3 Na6 19. a3 Rab8 20. b4 cxb3 21. Na4
Rfe8 22. Nh4 Qe6 23. Rf3 b2 24. Rb1 Qe4 25. Rxb2 Rxb2 26. Nxb2 Qb1+ 27. Rf1
Qxb2 28. Nf5 g6 29. h4 Qc2 30. Nd6 Rb8 31. f5 Bc7 32. fxg6 Qxg6 33. Qf4 Rd8 34.
h5 Bxd6 35. hxg6 Bxf4 36. Rxf4 Rf8 37. gxh7+ Kxh7 38. Rh4+ Kg7 39. Kf2 Nc7 40.
a4 Ne6 41. Kf3 Rb8 42. Kg4 Kg6 43. Kh3 Rb7 44. Rg4+ Ng5+ 45. Kh2 a5 46. e4 dxe4
47. Rg3 Rb4 48. Rc3 Rxd4 49. Rxc6 Rxa4 0-1

[Event "C.to Provinciale CO"]
[Site "Mariano Comense ITA"]
[Date "2008.01.19"]
[Round "1"]
[White "Liscio, Giovanni"]
[Black "Moioli, Ferruccio"]
[Result "1-0"]
[WhiteElo "2036"]
[BlackElo "1566"]
[PlyCount "81"]
[EventDate "2008.01.19"]

1. d4 d5 2. c4 dxc4 3. Nc3 e6 4. e4 Nf6 5. Bxc4 Bb4 6. Bg5 Be7 7. f4 c6 8. Nf3
b5 9. Bd3 Bb7 10. O-O h6 11. Bh4 Ng4 12. Bxe7 Qxe7 13. Qd2 Nf6 14. e5 Nbd7 15.
exf6 Nxf6 16. f5 O-O 17. Rae1 Qd6 18. Ne4 Nxe4 19. Bxe4 exf5 20. Bxf5 Rad8 21.
Qc3 Qc7 22. Re5 Rd6 23. Rfe1 Rf6 24. Qc5 g6 25. Bh3 Qb8 26. Re7 Bc8 27. Re8 Rd6
28. Rxc8 Qxc8 29. Bxc8 Rfd8 30. Re7 a5 31. Qe5 Kf8 32. Rc7 Kg8 33. Qf4 Rf8 34.
Qxh6 Rd5 35. Be6 Rh5 36. Qxg6+ Kh8 37. Qxh5+ Kg7 38. Qg5+ Kh8 39. Qh6+ Kg8 40.
Ng5 a4 41. Qh7# 1-0

[Event "C.to Provinciale CO"]
[Site "Mariano Comense ITA"]
[Date "2008.01.19"]
[Round "1"]
[White "Mason, Giovanni"]
[Black "Rossi, Giampiero"]
[Result "0-1"]
[WhiteElo "1562"]
[BlackElo "2003"]
[PlyCount "102"]
[EventDate "2008.01.19"]

1. f4 d5 2. Nf3 c6 3. g3 Nf6 4. c3 Bf5 5. d4 e6 6. Bg2 Nbd7 7. b3 Be7 8. Nbd2
O-O 9. Nf1 Qb6 10. h3 Ne4 11. Bb2 a5 12. N3d2 Ndf6 13. Nxe4 Bxe4 14. Bxe4 Nxe4
15. Qd3 a4 16. Nd2 Nxd2 17. Qxd2 axb3 18. O-O bxa2 19. Bc1 c5 20. e3 cxd4 21.
exd4 Rfc8 22. h4 Bf6 23. Qb2 Qxb2 24. Bxb2 Rc4 25. h5 b5 26. Kg2 b4 27. cxb4
Rxb4 28. Rf2 Bxd4 29. Bxd4 Rxd4 30. Raxa2 Rxa2 31. Rxa2 g6 32. hxg6 fxg6 33.
Ra6 Kf7 34. Kf3 Kf6 35. Ra8 Rd3+ 36. Kg4 h5+ 37. Kh4 Re3 38. g4 hxg4 39. Kxg4
Re1 40. Re8 Kf7 41. Rd8 Rg1+ 42. Kf3 Ke7 43. Rg8 Kf7 44. Rd8 Re1 45. Kg4 Re4
46. Kf3 Rc4 47. Ke3 g5 48. fxg5 Rg4 49. Rd7+ Kg6 50. Re7 Re4+ 51. Kf3 Kxg5 0-1

[Event "C.to Provinciale CO"]
[Site "Mariano Comense ITA"]
[Date "2008.01.19"]
[Round "1"]
[White "Napoli, Ferdinando"]
[Black "Buonocore, Elio"]
[Result "0-1"]
[WhiteElo "1802"]
[BlackElo "2166"]
[PlyCount "48"]
[EventDate "2008.01.19"]

1. e4 c5 2. Nf3 Nc6 3. d4 cxd4 4. Nxd4 Nf6 5. Nc3 e5 6. Ndb5 d6 7. Bg5 a6 8.
Na3 b5 9. Nd5 Be7 10. Bxf6 Bxf6 11. c3 Bg5 12. Nc2 O-O 13. a4 bxa4 14. Rxa4 a5
15. Bc4 Rb8 16. b4 Bd7 17. Ra3 axb4 18. Ncxb4 Nxb4 19. Nxb4 Qc7 20. Qd3 Rxb4
21. cxb4 Rc8 22. Bb3 Qc1+ 23. Bd1 Bb5 24. Qd5 Bc4 0-1

[Event "C.to Provinciale CO"]
[Site "Mariano Comense ITA"]
[Date "2008.01.19"]
[Round "1"]
[White "Rizzi, Pierantonio"]
[Black "Revinelli, Sergio"]
[Result "0-1"]
[WhiteElo "1389"]
[BlackElo "1860"]
[PlyCount "70"]
[EventDate "2008.01.19"]

1. e4 e5 2. a3 Nf6 3. Nc3 Nc6 4. Nf3 a6 5. d3 Bc5 6. b4 Ba7 7. Bg5 d6 8. h3 Nd4
9. Nd5 Ne6 10. Bxf6 gxf6 11. c3 Ng7 12. Be2 f5 13. O-O O-O 14. exf5 Bxf5 15. c4
Be6 16. Qd2 c6 17. Ne3 f5 18. d4 e4 19. Ne1 d5 20. c5 Kh8 21. Qc3 Qg5 22. f3 f4
23. Ng4 e3 24. Nd3 h5 25. Nge5 Bxh3 26. Nxf4 Rxf4 27. g4 hxg4 28. fxg4 Bxf1 29.
Bxf1 Raf8 30. Qd3 R8f6 31. Qc2 Bb8 32. Qh2+ Kg8 33. Qc2 Bxe5 34. dxe5 Rf2 35.
Qd1 Qf4 0-1

[Event "C.to Provinciale CO"]
[Site "Mariano Comense ITA"]
[Date "2008.01.19"]
[Round "1"]
[White "Turati, Pierangelo"]
[Black "Bernasconi, Roberto"]
[Result "0-1"]
[WhiteElo "1440"]
[BlackElo "1940"]
[PlyCount "54"]
[EventDate "2008.01.19"]

1. Nf3 d5 2. g3 Nf6 3. Bg2 Bf5 4. d3 e6 5. O-O Be7 6. Re1 h6 7. Nbd2 c6 8. e4
Bg4 9. e5 Nfd7 10. d4 c5 11. h3 Bh5 12. c3 Nc6 13. g4 Bg6 14. Nf1 O-O 15. Bf4
Qb6 16. Qd2 cxd4 17. cxd4 Bb4 18. Qe3 Bxe1 19. Rxe1 Qxb2 20. Ng3 Qb4 21. Bxh6
gxh6 22. Qxh6 Nxd4 23. Nxd4 Qxe1+ 24. Kh2 Qxe5 25. Ndf5 exf5 26. gxf5 Bxf5 27.
f4 Qf6 0-1

[Event "C.to Provinciale CO"]
[Site "Mariano Comense ITA"]
[Date "2008.01.20"]
[Round "2"]
[White "Agrifoglio, Fabio"]
[Black "Crippa, Gabriele"]
[Result "1-0"]
[WhiteElo "1995"]
[BlackElo "2084"]
[PlyCount "119"]
[EventDate "2008.01.19"]

1. d4 d6 2. c4 Nf6 3. Nc3 Bf5 4. Nf3 h6 5. e3 Nbd7 6. Bd3 Bxd3 7. Qxd3 e5 8.
O-O Be7 9. b4 a5 10. bxa5 O-O 11. Nd2 Rxa5 12. Nb3 Ra6 13. d5 c6 14. e4 Nh5 15.
g3 Bg5 16. Qe2 Bxc1 17. Rfxc1 Qg5 18. Kh1 c5 19. Nb5 Ndf6 20. Re1 Ne8 21. Nd2
g6 22. Nf3 Qe7 23. Nh4 Nc7 24. Nc3 Rfa8 25. Rab1 R6a7 26. Rb6 Ra3 27. Qb2 R8a7
28. Rb1 Nf6 29. Rb3 Rxb3 30. Qxb3 Nd7 31. Qd1 Kh7 32. Rb3 b6 33. Qb1 Ne8 34.
Nb5 Ra4 35. Qc2 Kg7 36. Ng2 Nb8 37. Ne3 Na6 38. Rb1 Rb4 39. Rf1 Qf6 40. Kg2 Qd8
41. a3 Rxb5 42. cxb5 Nac7 43. Qa4 Qb8 44. Nc4 Kf8 45. f4 exf4 46. gxf4 Qc8 47.
h3 Qb7 48. Ne3 Nf6 49. Qc4 Qa8 50. a4 Qe8 51. Kf3 h5 52. Qc2 Kg7 53. Nc4 Qd7
54. Rh1 Ncxd5 55. exd5 Nxd5 56. Qe4 Nc3 57. Nxb6 Qd8 58. Qe1 Qf6 59. Rf1 Qf5
60. Qxc3+ 1-0

[Event "C.to Provinciale CO"]
[Site "Mariano Comense ITA"]
[Date "2008.01.20"]
[Round "2"]
[White "Bernasconi, Roberto"]
[Black "Liscio, Giovanni"]
[Result "1/2-1/2"]
[WhiteElo "1940"]
[BlackElo "2036"]
[PlyCount "67"]
[EventDate "2008.01.19"]

1. e4 c5 2. Nf3 d6 3. d4 cxd4 4. Nxd4 Nf6 5. Nc3 e6 6. Be3 a6 7. Be2 Qc7 8. O-O
Be7 9. Kh1 O-O 10. f4 Bd7 11. Qe1 Nc6 12. Qg3 b5 13. a3 Rfd8 14. f5 e5 15. Bh6
Bf8 16. Ne6 fxe6 17. fxe6 Bxe6 18. Rxf6 Nd4 19. Rf2 Nxe2 20. Rxe2 Qb7 21. Rd1
b4 22. axb4 Qxb4 23. Rf2 Rd7 24. Bc1 Rf7 25. Rxf7 Bxf7 26. Qf3 Bg6 27. Re1 Rc8
28. Re3 Re8 29. Nd5 Qc4 30. Re2 Be7 31. Qd3 Qxd3 32. cxd3 Bf8 33. Bd2 Rc8 34.
Bc3 1/2-1/2

[Event "C.to Provinciale CO"]
[Site "Mariano Comense ITA"]
[Date "2008.01.20"]
[Round "2"]
[White "Bettinelli, Sergio"]
[Black "Corti, Filippo"]
[Result "0-1"]
[WhiteElo "1392"]
[BlackElo "1592"]
[PlyCount "70"]
[EventDate "2008.01.19"]

1. e4 c6 2. d4 d5 3. e5 Bf5 4. Nf3 e6 5. Nc3 Nd7 6. Bd3 Bxd3 7. Qxd3 Qb6 8. O-O
Ne7 9. a3 c5 10. Na4 Qc7 11. c4 dxc4 12. Qxc4 Nd5 13. Nc3 N7b6 14. Nxd5 Nxd5
15. Qb5+ Qd7 16. Qxd7+ Kxd7 17. b4 cxb4 18. Rb1 Nc3 19. Rb2 a5 20. Ng5 Ke8 21.
f4 h6 22. Nh3 Be7 23. f5 Rf8 24. f6 gxf6 25. exf6 Bd6 26. Bxh6 Rh8 27. Bg7 Rh4
28. Rf3 Rxd4 29. Ng5 bxa3 30. Rxb7 a2 31. Kf2 a1=Q 32. Nxe6 Qa2+ 33. Kg1 Rd1+
34. Rf1 Rxf1+ 35. Kxf1 Qe2+ 0-1

[Event "C.to Provinciale CO"]
[Site "Mariano Comense ITA"]
[Date "2008.01.20"]
[Round "2"]
[White "Boffi, Luigi"]
[Black "Pede, Lucio"]
[Result "1/2-1/2"]
[WhiteElo "1596"]
[BlackElo "1664"]
[PlyCount "41"]
[EventDate "2008.01.19"]

1. Nf3 d5 2. d4 Bg4 3. Nbd2 Nc6 4. c3 Nf6 5. e3 e5 6. dxe5 Nxe5 7. Be2 Nxf3+ 8.
Nxf3 Be7 9. O-O O-O 10. h3 Bh5 11. Nd4 Bxe2 12. Qxe2 Ne4 13. Nf3 c6 14. Rd1 Qc7
15. c4 dxc4 16. Qxc4 Nd6 17. Qc2 Rfe8 18. b3 Bf6 19. Bb2 Bxb2 20. Qxb2 Ne4 21.
Qc2 1/2-1/2

[Event "C.to Provinciale CO"]
[Site "Mariano Comense ITA"]
[Date "2008.01.20"]
[Round "2"]
[White "Buonocore, Elio"]
[Black "Bellotto, Stefano"]
[Result "1-0"]
[WhiteElo "2166"]
[BlackElo "1993"]
[PlyCount "67"]
[EventDate "2008.01.19"]

1. e4 d6 2. d4 Nf6 3. Nc3 c6 4. f4 Qa5 5. Bd3 e5 6. Nf3 Bg4 7. Be3 Nbd7 8. O-O
Be7 9. Qe1 Bxf3 10. gxf3 Nh5 11. Ne2 Qxe1 12. Rfxe1 O-O-O 13. Kh1 Nxf4 14. Nxf4
exf4 15. Bxf4 g5 16. Be3 c5 17. c3 Nf8 18. Bc4 Ne6 19. Rad1 Rhf8 20. Rd2 Nc7
21. Red1 b5 22. Bf1 c4 23. Bh3+ Kb7 24. Bf5 h6 25. b3 d5 26. Rb1 Kc6 27. Bf2
Bd6 28. e5 Be7 29. Re2 Ne6 30. bxc4 bxc4 31. Reb2 Rd7 32. Bc2 Kc7 33. Rb7+ Kc8
34. Rb8+ 1-0

[Event "C.to Provinciale CO"]
[Site "Mariano Comense ITA"]
[Date "2008.01.20"]
[Round "2"]
[White "Calabrese, Salvatore"]
[Black "Mason, Giovanni"]
[Result "0-1"]
[WhiteElo "1299"]
[BlackElo "1562"]
[PlyCount "102"]
[EventDate "2008.01.19"]

1. e4 c5 2. b3 Nc6 3. Bb2 d6 4. Nf3 Bg4 5. Bb5 Qc7 6. O-O e6 7. d4 a6 8. Bxc6+
bxc6 9. dxc5 f6 10. h3 Bxf3 11. Qxf3 dxc5 12. Nc3 Ne7 13. Na4 Ng6 14. Qh5 e5
15. Ba3 Qa7 16. f4 c4+ 17. Bc5 Bxc5+ 18. Nxc5 Qxc5+ 19. Kh2 O-O 20. bxc4 Qxc4
21. Rab1 Nxf4 22. Rxf4 g6 23. Qh6 exf4 24. Qxf4 Rae8 25. Qc7 Rf7 26. Qg3 Qxe4
27. a3 Qxc2 28. Rb6 Rfe7 29. Qb3+ Qxb3 30. Rxb3 c5 31. Rc3 Rc7 32. a4 Re4 33.
a5 Ra4 34. g4 Rxa5 35. Kg3 c4 36. Rc1 g5 37. h4 Ra3+ 38. Kh2 gxh4 39. Rc2 Rg3
40. Ra2 Rc6 41. Ra5 Rxg4 42. Kh3 Rd4 43. Ra4 Re6 44. Ra1 h5 45. Rf1 Kf7 46. Rf3
Rd3 47. Rxd3 cxd3 48. Kxh4 d2 49. Kxh5 d1=Q+ 50. Kh4 Qg1 51. Kh3 Re8 0-1

[Event "C.to Provinciale CO"]
[Site "Mariano Comense ITA"]
[Date "2008.01.20"]
[Round "2"]
[White "Casonato, Mattias"]
[Black "Gonella, Graziano"]
[Result "1-0"]
[WhiteElo "1545"]
[BlackElo "1260"]
[PlyCount "53"]
[EventDate "2008.01.19"]

1. c4 e5 2. Nc3 g6 3. Nf3 Bg7 4. g3 Nc6 5. Bg2 d6 6. O-O Be6 7. d3 d5 8. cxd5
Bxd5 9. Nxd5 Qxd5 10. e4 Qd8 11. a3 Nd4 12. Qa4+ c6 13. Nxd4 exd4 14. Bf4 b5
15. Qc2 Rc8 16. b4 h6 17. Bh3 Ne7 18. Bxc8 Nxc8 19. Qxc6+ Qd7 20. Rac1 Ke7 21.
Qxd7+ Kxd7 22. Rc7+ Ke6 23. Rfc1 Be5 24. Bxe5 Kxe5 25. Rxc8 Rh7 26. R1c6 f5 27.
f4# 1-0

[Event "C.to Provinciale CO"]
[Site "Mariano Comense ITA"]
[Date "2008.01.20"]
[Round "2"]
[White "Coppola, Guido"]
[Black "Guzzetti, Luigi Enrico"]
[Result "1-0"]
[WhiteElo "2065"]
[BlackElo "1933"]
[PlyCount "45"]
[EventDate "2008.01.19"]

1. e4 c5 2. Nf3 e6 3. d3 a6 4. g3 d6 5. Bg2 Nf6 6. O-O Qc7 7. Re1 Nc6 8. Nbd2
Be7 9. c3 e5 10. Nf1 h6 11. h3 Be6 12. d4 cxd4 13. cxd4 exd4 14. Nxd4 Nxd4 15.
Qxd4 O-O 16. Be3 Nd7 17. f4 Bf6 18. Qd2 Nc5 19. Rac1 Qe7 20. e5 Rfd8 21. exf6
Qxf6 22. Bd4 Qe7 23. f5 1-0

[Event "C.to Provinciale CO"]
[Site "Mariano Comense ITA"]
[Date "2008.01.20"]
[Round "2"]
[White "Gonella, Daniele"]
[Black "Lipari, Alberto"]
[Result "0-1"]
[WhiteElo "1473"]
[BlackElo "1506"]
[PlyCount "116"]
[EventDate "2008.01.19"]

1. e4 c5 2. Nf3 Nc6 3. c3 e6 4. d4 d5 5. exd5 exd5 6. Bb5 Bd7 7. dxc5 Qe7+ 8.
Be3 Nf6 9. O-O a6 10. Ba4 Bg4 11. Bg5 Qxc5 12. Bxf6 gxf6 13. Re1+ Be7 14. Bxc6+
Qxc6 15. Nd4 Qd7 16. f3 Bh5 17. Qe2 Bg6 18. Nd2 Kf8 19. N2b3 Re8 20. Rac1 Rg8
21. Nc2 Qc7 22. Nbd4 Kg7 23. Ne3 Qd7 24. Qf2 Kh8 25. Qh4 f5 26. Qh3 Bg5 27. f4
Bxf4 28. Rcd1 Re5 29. Qf3 Bg5 30. Ndc2 Rge8 31. Rxd5 Qe6 32. Rxe5 Qxe5 33. Nxf5
Qc5+ 34. Nfd4 Rg8 35. Ne3 Qe7 36. Re2 Be4 37. Nef5 Bxf3 38. Rxe7 Bxe7 39. Nxe7
Rxg2+ 40. Kf1 Be4 41. Ne2 Rxh2 42. Ng3 Bc6 43. Nxc6 bxc6 44. Ne2 Kg7 45. Ke1 h5
46. a4 Kg6 47. b4 Rh1+ 48. Kd2 Ra1 49. a5 h4 50. Nd4 Kg5 51. Nxc6 h3 52. Nd4
Kg4 53. Nb3 Ra2+ 54. Ke3 h2 55. Nc5 h1=Q 56. Nxa6 Qf3+ 57. Kd4 Rd2+ 58. Kc4
Qd5# 0-1

[Event "C.to Provinciale CO"]
[Site "Mariano Comense ITA"]
[Date "2008.01.20"]
[Round "2"]
[White "Poletto, Daniele"]
[Black "Rizzi, Pierantonio"]
[Result "1-0"]
[WhiteElo "1804"]
[BlackElo "1389"]
[PlyCount "115"]
[EventDate "2008.01.19"]

1. c4 e5 2. Nc3 Nc6 3. g3 Nf6 4. Bg2 Bb4 5. e3 O-O 6. Nge2 d6 7. O-O Bg4 8. f3
Be6 9. b3 Qd7 10. Bb2 Bxc3 11. Bxc3 Rad8 12. d4 exd4 13. Nxd4 Ne5 14. Nxe6 Qxe6
15. e4 c5 16. Qe2 Nc6 17. Rad1 b6 18. Rd2 Nd4 19. Bxd4 cxd4 20. Qd1 Qe5 21.
Rxd4 Qc5 22. Kh1 a5 23. f4 h5 24. h3 g6 25. e5 dxe5 26. Rxd8 exf4 27. Rxf8+
Kxf8 28. Rxf4 Kg7 29. Qd4 Qe7 30. Qxf6+ Qxf6 31. Rxf6 Kxf6 32. a3 g5 33. b4
axb4 34. axb4 Ke5 35. c5 bxc5 36. bxc5 Ke6 37. Kg1 f5 38. Kf2 g4 39. hxg4 fxg4
40. Ke3 Kd7 41. Kf4 Kc7 42. Kg5 Kb8 43. Kxh5 Ka7 44. Kxg4 Ka6 45. Kf5 Kb5 46.
c6 Kb6 47. g4 Kc7 48. g5 Kb6 49. g6 Kc7 50. g7 Kb6 51. g8=Q Kc7 52. Qf7+ Kb6
53. c7 Kb5 54. c8=Q Kb6 55. Qc6+ Ka5 56. Qfd5+ Kb4 57. Qdb5+ Ka3 58. Qa8# 1-0

[Event "C.to Provinciale CO"]
[Site "Mariano Comense ITA"]
[Date "2008.01.20"]
[Round "2"]
[White "Revinelli, Sergio"]
[Black "Bove, Enzo"]
[Result "0-1"]
[WhiteElo "1860"]
[BlackElo "2000"]
[PlyCount "78"]
[EventDate "2008.01.19"]

1. e4 c5 2. Nf3 e6 3. d4 cxd4 4. Nxd4 a6 5. Bd3 Qc7 6. O-O Nc6 7. Nxc6 bxc6 8.
c4 g6 9. Bd2 Bg7 10. Bc3 Nf6 11. e5 Ng8 12. Re1 Ne7 13. Nd2 O-O 14. f4 f5 15.
Nb3 a5 16. Qd2 a4 17. Nd4 Ba6 18. b3 c5 19. Nb5 Bxb5 20. cxb5 Nd5 21. Bc4 Nxc3
22. Qxc3 d5 23. Be2 Qb6 24. Kh1 Rfd8 25. Rac1 Bf8 26. Red1 axb3 27. axb3 Ra2
28. Rc2 Rda8 29. Rdc1 Be7 30. h3 Qa5 31. Rxa2 Qxa2 32. Rc2 Qb1+ 33. Rc1 Qe4 34.
Qf3 Qd4 35. g3 Ra2 36. Qc3 Qf2 37. Rc2 d4 38. Qd3 Ra1+ 39. Bd1 Qe1+ 0-1

[Event "C.to Provinciale CO"]
[Site "Mariano Comense ITA"]
[Date "2008.01.20"]
[Round "2"]
[White "Rossi, Giampiero"]
[Black "Lancianese, Giuseppe"]
[Result "1-0"]
[WhiteElo "2003"]
[BlackElo "1806"]
[PlyCount "39"]
[EventDate "2008.01.19"]

1. d4 d5 2. c4 c6 3. cxd5 cxd5 4. Nc3 Nf6 5. Nf3 e6 6. Bf4 a6 7. e3 Be7 8. Bd3
b5 9. O-O Bb7 10. Qe2 O-O 11. a4 b4 12. Na2 a5 13. b3 Qb6 14. Rfc1 Na6 15. Rc2
Rfc8 16. Rac1 Ne8 17. Rxc8 Rxc8 18. Rxc8 Bxc8 19. Bxh7+ Kxh7 20. Qc2+ 1-0

[Event "C.to Provinciale CO"]
[Site "Mariano Comense ITA"]
[Date "2008.01.20"]
[Round "3"]
[White "Agrifoglio, Fabio"]
[Black "Coppola, Guido"]
[Result "1/2-1/2"]
[WhiteElo "1995"]
[BlackElo "2065"]
[PlyCount "89"]
[EventDate "2008.01.19"]

1. d4 d5 2. c4 e6 3. Nc3 Nf6 4. Bg5 Be7 5. e3 O-O 6. Nf3 Nbd7 7. h3 b6 8. cxd5
exd5 9. Bd3 Bb7 10. O-O h6 11. Bf4 Ne4 12. Rc1 Nxc3 13. Rxc3 Rc8 14. Qa4 a6 15.
Bb1 c5 16. Qc2 Nf6 17. Be5 Ne4 18. Nd2 f5 19. Nxe4 fxe4 20. f4 Qd7 21. Qb3 c4
22. Qd1 b5 23. a3 a5 24. Rc2 b4 25. axb4 axb4 26. Qg4 Qxg4 27. hxg4 Ba6 28. Kf2
c3 29. Ba2 Bc4 30. Bxc4 Rxc4 31. bxc3 b3 32. Rb2 Rxc3 33. Rfb1 Rfc8 34. Rxb3
Bh4+ 35. Kg1 Bg3 36. Rxc3 Rxc3 37. g5 hxg5 38. fxg5 Rxe3 39. Bxg3 Rxg3 40. Rb7
Rxg5 41. Rd7 Kh7 42. Kf2 Kh6 43. g4 Rxg4 44. Rxd5 Rg5 45. Rc5 1/2-1/2

[Event "C.to Provinciale CO"]
[Site "Mariano Comense ITA"]
[Date "2008.01.20"]
[Round "3"]
[White "Bellotto, Stefano"]
[Black "Casonato, Mattias"]
[Result "1-0"]
[WhiteElo "1993"]
[BlackElo "1545"]
[PlyCount "81"]
[EventDate "2008.01.19"]

1. d4 g6 2. c4 d6 3. Nc3 Bg7 4. e4 c6 5. Be3 Nf6 6. f3 O-O 7. Bd3 e5 8. d5 Nh5
9. Nge2 f5 10. Qd2 f4 11. Bf2 c5 12. Nc1 b6 13. Be2 Bf6 14. Rg1 Bh4 15. g3 fxg3
16. hxg3 Bg5 17. Be3 Bxe3 18. Qxe3 Nd7 19. Nd3 Qf6 20. Nf2 Nb8 21. O-O-O a5 22.
Ng4 Bxg4 23. fxg4 Ng7 24. Rdf1 Qe7 25. Qh6 Nd7 26. g5 Rxf1+ 27. Rxf1 Nf8 28.
Bg4 Rd8 29. Rh1 Qf7 30. Nd1 Ra8 31. Be2 Rd8 32. Rf1 Qe7 33. Ne3 Kh8 34. Ng4 Nh5
35. Rf3 Qg7 36. Nf6 Qxh6 37. gxh6 Nxf6 38. Rxf6 Nd7 39. Rxd6 Kg8 40. Bg4 Rf8
41. Be6+ 1-0

[Event "C.to Provinciale CO"]
[Site "Mariano Comense ITA"]
[Date "2008.01.20"]
[Round "3"]
[White "Bove, Enzo"]
[Black "Buonocore, Elio"]
[Result "0-1"]
[WhiteElo "2000"]
[BlackElo "2166"]
[PlyCount "76"]
[EventDate "2008.01.19"]

1. d4 f5 2. Nf3 Nf6 3. g3 g6 4. Bg2 Bg7 5. O-O O-O 6. c4 d6 7. Nc3 Qe8 8. Re1
Qf7 9. d5 Ne4 10. Qc2 Nxc3 11. bxc3 Na6 12. Be3 h6 13. Bd4 e5 14. dxe6 Bxe6 15.
Bxg7 Kxg7 16. Nd4 Nc5 17. Nxe6+ Qxe6 18. Bd5 Qf6 19. e3 Rae8 20. Rad1 g5 21.
Qd2 Re7 22. Qd4 b6 23. f3 Nd7 24. e4 f4 25. gxf4 gxf4 26. Kh1 Ne5 27. Rg1+ Kh7
28. c5 dxc5 29. Qf2 c6 30. Bb3 c4 31. Bc2 Rg8 32. Rxg8 Kxg8 33. Rd8+ Kh7 34.
Qd4 Qh4 35. Qd2 Nxf3 36. e5+ Kg7 37. Qg2+ Ng5 38. Qg1 Qh3 0-1

[Event "C.to Provinciale CO"]
[Site "Mariano Comense ITA"]
[Date "2008.01.20"]
[Round "3"]
[White "Crippa, Gabriele"]
[Black "Bernasconi, Roberto"]
[Result "1-0"]
[WhiteElo "2084"]
[BlackElo "1940"]
[PlyCount "63"]
[EventDate "2008.01.19"]

1. Nf3 d5 2. d4 Nf6 3. Bf4 c5 4. e3 Nc6 5. c3 Qb6 6. Qc2 cxd4 7. exd4 Bf5 8.
Qb3 Qxb3 9. axb3 a6 10. Nbd2 e6 11. Ne5 Rc8 12. Nxc6 Rxc6 13. b4 Nd7 14. b5
axb5 15. Ra8+ Ke7 16. Bxb5 Rb6 17. Ra5 e5 18. dxe5 Nc5 19. Be3 Rxb5 20. Rxb5
Nd3+ 21. Ke2 Ke6 22. Ra1 Nxe5 23. Rxb7 Bd3+ 24. Kd1 Be7 25. Nb3 Rc8 26. Nd4+
Kd6 27. Bf4 Bf6 28. Raa7 Kc5 29. Ra5+ Kd6 30. Kd2 Bg6 31. Ra6+ Kc5 32. Rb5+ 1-0

[Event "C.to Provinciale CO"]
[Site "Mariano Comense ITA"]
[Date "2008.01.20"]
[Round "3"]
[White "Gonella, Graziano"]
[Black "Bettinelli, Sergio"]
[Result "0-1"]
[WhiteElo "1260"]
[BlackElo "1392"]
[PlyCount "86"]
[EventDate "2008.01.19"]

1. e4 c5 2. Bc4 e6 3. Nc3 b6 4. Nf3 Bb7 5. e5 Nc6 6. Nb5 d6 7. d4 d5 8. Be2 c4
9. Nc3 Nge7 10. Bg5 f6 11. exf6 Qd7 12. fxe7 Bxe7 13. Bxe7 Qxe7 14. O-O O-O-O
15. Qd2 e5 16. Nb5 e4 17. Ng5 Qf6 18. Bg4+ Kb8 19. b3 c3 20. Nxc3 Nxd4 21. Rae1
Ba6 22. Ne2 Nxe2+ 23. Bxe2 Bxe2 24. Rxe2 Rd6 25. c3 Qe5 26. f4 Qf5 27. h3 Re8
28. g4 Qc8 29. Re3 Qd7 30. Nxh7 d4 31. cxd4 Rxd4 32. Qc2 Rc8 33. Rc3 e3 34. Rc1
Rc5 35. a3 Rd2 36. Qe4 Rd1+ 37. Rxd1 Qxd1+ 38. Kg2 Rxc3 39. Kg3 e2+ 40. Kh4
e1=Q+ 41. Kg5 Qxe4 42. b4 Rxh3 43. Nf8 Qd8# 0-1

[Event "C.to Provinciale CO"]
[Site "Mariano Comense ITA"]
[Date "2008.01.20"]
[Round "3"]
[White "Guzzetti, Luigi Enrico"]
[Black "Corti, Filippo"]
[Result "1-0"]
[WhiteElo "1933"]
[BlackElo "1592"]
[PlyCount "117"]
[EventDate "2008.01.19"]

1. e4 c6 2. d4 d5 3. e5 Bf5 4. Bd3 Bxd3 5. Qxd3 e6 6. f4 Nh6 7. Nf3 c5 8. c3
Qb6 9. b3 Nc6 10. Be3 cxd4 11. Nxd4 Nxd4 12. cxd4 Bb4+ 13. Ke2 Rc8 14. a3 Be7
15. Nd2 Nf5 16. Bf2 h5 17. b4 O-O 18. Nb3 f6 19. Nc5 fxe5 20. dxe5 d4 21. Nd7
Qd8 22. Nxf8 Qxf8 23. Rac1 Qd8 24. h3 h4 25. Rc4 g5 26. Rhc1 Rxc4 27. Rxc4 Qd5
28. Bxd4 Qxg2+ 29. Bf2 Ng3+ 30. Ke1 Qh1+ 31. Kd2 Nf5 32. Qe2 Qa1 33. Qd3 Qb2+
34. Rc2 Bxb4+ 35. axb4 Qxb4+ 36. Ke2 Qxf4 37. Qd8+ Kh7 38. Rc7+ Ng7 39. Qd3+
Kh6 40. Qe3 Qb4 41. Rc3 Nf5 42. Qc5 Qe4+ 43. Kd2 Qf4+ 44. Kd1 Qa4+ 45. Ke1 Qe4+
46. Kd2 Qf4+ 47. Kc2 Qe4+ 48. Kb2 Qe2+ 49. Kb3 Qd1+ 50. Kb2 Kg6 51. Qc4 Qd2+
52. Rc2 Qd7 53. Bxa7 b5 54. Qc7 Qd5 55. Bf2 Nd4 56. Bxd4 Qxd4+ 57. Qc3 Qd5 58.
Rf2 Kh5 59. Qf3+ 1-0